[Event "Challenge"]
[Site "http://www.queenalice.com/game.php?id=1644368"]
[Date "2021.2.21"]
[Round "-"]
[White "magalhaes_br"]
[Black "Francisco333"]
[Result "1-0"]
[WhiteElo "1539"]
[BlackElo "1007"]

1. d4 d5 2. Nf3 e6 3. Bf4 Nf6 4. e3 Bd6 5. Bd3 O-O 6. O-O a6 7. c4 Nc6 8. Nbd2
h6 9. c5 Bxf4 10. exf4 Bd7 11. a3 a5 12. Ne5 Nxd4 13. Rc1 Bc6 14. Nxc6 Nxc6 15.
Nf3 d4 16. b4 axb4 17. axb4 Nxb4 18. Bc4 Qd7 19. Qxd4 Qc8 20. Be2 Ra4 21. Bb5
Ra3 22. Qxb4 Ra8 23. c6 b6 24. Ra1 Rb8 25. Ba6 Qd8 26. Qd4 Qe8 27. Ne5 b5 28.
Nd7 Nxd7 29. Qxd7 Rd8 30. Qxe8 Rdxe8 31. Bxb5 Rb8 32. Bc4 Rb6 33. Ra2 Rxc6 34.
Bd3 Rc3 35. Bb1 Rc6 36. Be4 Rc5 37. h3 f5 38. Bf3 c6 39. Rfa1 Rb5 40. Ra8 Rbb8
41. Rxb8 Rxb8 42. Bxc6 g5 43. fxg5 hxg5 44. g4 f4 45. Ra5 e5 46. Rxe5 Kf7 47.
Rxg5 Rh8 48. Kg2 Kf6 49. Rf5+ Kg6 50. Be4 Rh4 51. Rxf4+ Kg5 52. Rf5+ Kh6 53.
Rh5+ Rxh5 54. gxh5 Kxh5 55. Kg3 Kh6 56. f4 Kh5 57. f5 Kh6 58. Kg4 Kh7 59. h4 Kh8
60. h5 Kh7 61. Kg5 Kg8 62. h6 Kf8 63. Bd5 Ke8 64. h7 Ke7 65. h8=Q Kd7 66. Qe5
Kd8 67. Qe6 Kc7 68. f6 Kd8 69. f7 Kc7 70. Qe8 Kd6 71. f8=Q+ Kxd5 72. Qd8+ Ke5
73. Qdf6+ Ke4 74. Q6e7+ Kd3 75. Qfd8+ Kc2 76. Qec7+ Kb1 77. Qdb8+ Ka2 78. Qca7#
1-0

[Event "Challenge"]
[Site "http://www.queenalice.com/game.php?id=1645995"]
[Date "2021.3.7"]
[Round "-"]
[White "magalhaes_br"]
[Black "Francisco333"]
[Result "1-0"]
[WhiteElo "1537"]
[BlackElo "1009"]

1. e4 e5 2. c3 Nf6 3. Bd3 Nc6 4. Nf3 Bd6 5. O-O O-O 6. b4 h6 7. a3 b6 8. b5 Ne7
9. Bb2 a6 10. c4 a5 11. a4 Bb7 12. Bc2 Bxe4 13. Bb3 Bxf3 14. Qxf3 Ra7 15. Nc3
Bb4 16. Ne4 Ne8 17. Bxe5 d6 18. Bb2 c6 19. Qg3 Nf5 20. Qf4 g6 21. c5 Bxc5 22.
Nxc5 dxc5 23. Rad1 Qd7 24. bxc6 Qxc6 25. Qe5 Nd4 26. Bxd4 cxd4 27. Qxd4 b5 28.
Qxa7 Nd6 29. Rc1 bxa4 30. Rxc6 axb3 31. Qxa5 b2 32. Rxd6 Kh8 33. Qc3+ Kg8 34.
Qxb2 Kh7 35. Qf6 h5 36. Rd8 Rg8 37. Rxg8 Kxg8 38. Re1 Kf8 39. Qh8# 1-0

[Event "Challenge"]
[Site "http://www.queenalice.com/game.php?id=1648487"]
[Date "2021.4.2"]
[Round "-"]
[White "Francisco333"]
[Black "magalhaes_br"]
[Result "0-1"]
[WhiteElo "1021"]
[BlackElo "1519"]

1. d4 d5 2. Nf3 e6 3. Nc3 Nf6 4. e3 Bb4 5. a3 Ba5 6. Bb5+ c6 7. Bd3 O-O 8. O-O
Nbd7 9. e4 b5 10. b4 Bc7 11. a4 Rb8 12. e5 Ne8 13. Be3 f6 14. Bf4 f5 15. h3 a5
16. Ng5 Bb6 17. Be3 axb4 18. Nxe6 Qe7 19. Nxf8 Nxf8 20. axb5 Bb7 21. Bxf5 Ne6
22. Bxe6+ Qxe6 23. Ne2 Rc8 24. Bd2 Qe7 25. Qb1 Nc7 26. Nf4 Bxd4 27. Bxb4 Qxe5
28. g3 Nxb5 29. Re1 Qf6 30. Kf1 Ra8 31. Bd2 Rxa1 32. Qxa1 Bxa1 33. c3 Bxc3 34.
Rd1 Bxd2 35. Rxd2 Qa1+ 36. Kg2 Nd4 37. Rd3 c5 38. Re3 Nf5 39. Re7 Nxe7 0-1

[Event "Challenge"]
[Site "http://www.queenalice.com/game.php?id=1648489"]
[Date "2021.4.2"]
[Round "-"]
[White "gillou77"]
[Black "Francisco333"]
[Result "1-0"]
[WhiteElo "1264"]
[BlackElo "1005"]

1. e4 e5 2. d4 exd4 3. Qxd4 Nc6 4. Qc4 Nf6 5. Nc3 Bd6 6. Nf3 O-O 7. Ng5 Qe7 8.
Be3 a6 9. a4 Bb4 10. h4 a5 11. h5 h6 12. O-O-O b6 13. Nb5 d6 14. c3 hxg5 15. h6
Nxe4 16. h7+ Kh8 17. Bd3 Nxf2 18. Bxf2 Qd7 19. Rh5 g4 20. Rg5 Ba6 21. Qd4 Nxd4
22. Bxd4 c5 23. Bxg7# 1-0

[Event "Challenge"]
[Site "http://www.queenalice.com/game.php?id=1648490"]
[Date "2021.4.2"]
[Round "-"]
[White "Francisco333"]
[Black "magalhaes_br"]
[Result "0-1"]
[WhiteElo "999"]
[BlackElo "1517"]

1. d4 b6 2. e4 Bb7 3. Nc3 Nf6 4. Nf3 Nxe4 5. Ne5 Nxc3 6. bxc3 Bd5 7. Qe2 g6 8.
Qd1 Bg7 9. Bb5 Nc6 10. Bxc6 dxc6 11. O-O O-O 12. c4 Be6 13. Bf4 c5 14. h3 Qxd4
15. Qe1 Bf5 16. Bg5 f6 17. Be3 Qxe5 18. a4 Bxc2 19. h4 f5 20. Bg5 Qxa1 21. Qxa1
Bxa1 22. Rxa1 Kg7 23. Bxe7 Rfe8 24. Bg5 h6 25. Bf4 Rac8 26. g3 Re4 27. Bd2 Rxc4
28. Be3 Rxa4 29. Rxa4 Bxa4 30. f3 Rd8 31. Bf4 Rd7 32. Be5+ Kf7 33. Bf4 h5 34.
Bh6 Bb5 35. f4 c4 0-1

[Event "Challenge"]
[Site "http://www.queenalice.com/game.php?id=1759188"]
[Date "2021.5.11"]
[Round "-"]
[White "magalhaes_br"]
[Black "Francisco333"]
[Result "1-0"]
[WhiteElo "1538"]
[BlackElo "1017"]

1. d4 d5 2. Nf3 e6 3. Bf4 Bd6 4. e3 Nf6 5. Nbd2 O-O 6. Bd3 Nc6 7. c4 Bb4 8. a3
h6 9. axb4 Nxb4 10. Bb1 Qd7 11. Ne5 Qe7 12. O-O c6 13. c5 Bd7 14. Nxd7 Qxd7 15.
Bd6 Rfe8 16. Ra4 Na6 17. Qc2 g6 18. Nf3 Nxc5 19. Bxc5 Red8 20. Ne5 Qc7 21. Qd2
b5 22. Ra6 Ne4 23. Qc2 Qc8 24. Rxc6 Qb7 25. Bb4 f6 26. Nxg6 Kg7 27. Nf4 a5 28.
Rc7+ Rd7 29. Rxb7 Rxb7 30. Be1 Re7 31. Qc6 Rb8 32. Bxa5 Nd2 33. Bxd2 h5 34. Ng6
Rf7 35. Qxe6 f5 36. Bxf5 Rxf5 37. Qxf5 Kg8 38. Qxd5+ Kg7 39. Qe5+ Kxg6 40. Qxb8
h4 41. h3 Kg5 42. Qxb5+ Kh6 43. Rc1 Kg6 44. Rc6+ Kh7 45. Qb7+ Kh8 46. Rc8# 1-0

[Event "Challenge"]
[Site "http://www.queenalice.com/game.php?id=1759306"]
[Date "2021.5.12"]
[Round "-"]
[White "magalhaes_br"]
[Black "Francisco333"]
[Result "1-0"]
[WhiteElo "1560"]
[BlackElo "1019"]

1. e4 e5 2. Nf3 Nf6 3. Bc4 Nxe4 4. Nxe5 d6 5. Nxf7 Qf6 6. O-O g6 7. Nxh8 Qxh8 8.
Qe2 Bf5 9. Nc3 Nc6 10. Nxe4 Bxe4 11. Qxe4+ Kd8 12. Qh4+ Be7 13. Qe4 Bh4 14.
Qxh4+ Ke8 15. Re1+ Kf8 16. Qh6+ Qg7 17. d3 g5 18. Bxg5 Qxh6 19. Bxh6# 1-0

[Event "Challenge"]
[Site "http://www.queenalice.com/game.php?id=1761289"]
[Date "2021.6.3"]
[Round "-"]
[White "Francisco333"]
[Black "magalhaes_br"]
[Result "0-1"]
[WhiteElo "1015"]
[BlackElo "1563"]

1. d4 d5 2. Nf3 Nf6 3. e3 g6 4. Bb5+ c6 5. O-O Bg7 6. Ba4 O-O 7. h3 Nbd7 8. c3
b5 9. Bb3 c5 10. a4 Bb7 11. axb5 a6 12. Qe2 c4 13. Ba2 axb5 14. Na3 Bc6 15. Ne5
Nxe5 16. Bb1 Ned7 17. b4 cxb3 18. Bd3 Nb6 19. Bxb5 Bb7 20. h4 h5 21. Bd3 Nc4 22.
Nxc4 Rxa1 23. Qb2 Ra8 24. Qxb3 Bh6 25. Qxb7 Rb8 26. Qa6 Ra8 27. Qb5 Qc7 28. Ba3
Rfb8 29. Nb6 Rxb6 30. Qxb6 Qxc3 31. Qb1 Rxa3 32. Qb8+ Bf8 33. Qb1 Qxd3 34. Qb8
Qf5 35. Qb4 e6 36. Qb2 Ne4 37. Qxa3 Bxa3 38. f3 Ng3 0-1

[Event "Challenge"]
[Site "http://www.queenalice.com/game.php?id=1763486"]
[Date "2021.7.1"]
[Round "-"]
[White "Francisco333"]
[Black "magalhaes_br"]
[Result "0-1"]
[WhiteElo "1013"]
[BlackElo "1551"]

1. d4 d5 2. Nf3 Nf6 3. e3 g6 4. Bd3 Bg7 5. O-O O-O 6. h3 Nc6 7. Nc3 a6 8. e4 e6
9. Qe2 Nb4 10. a3 Nc6 11. a4 Na5 12. b4 Nc6 13. Bf4 Qe7 14. e5 Ne8 15. Bg5 f6
16. h4 fxg5 17. hxg5 Nxb4 18. a5 c5 19. Qe3 Nxd3 20. cxd3 c4 21. dxc4 Nc7 22.
Rfd1 Rb8 23. Rdb1 dxc4 0-1

[Event "Challenge"]
[Site "http://www.queenalice.com/game.php?id=1766534"]
[Date "2021.8.9"]
[Round "-"]
[White "Francisco333"]
[Black "magalhaes_br"]
[Result "0-1"]
[WhiteElo "1009"]
[BlackElo "1563"]

1. d4 d5 2. Nc3 Nf6 3. Nf3 g6 4. e3 Bg7 5. Bd2 c6 6. Bd3 O-O 7. O-O Bg4 8. h3
Be6 9. a4 Nbd7 10. Qe2 Qb6 11. Nb5 a6 12. a5 Qd8 13. Nc3 b5 14. b4 Ne4 15. Bxe4
dxe4 16. Nxe4 Bd5 17. Neg5 Bc4 18. Qd1 Bxf1 19. Qxf1 Qc7 20. c3 h6 21. Ne4 Rae8
22. Qd3 Nf6 23. Ne5 Rd8 24. d5 Rxd5 25. Nxf6+ Bxf6 26. Qe2 Qxe5 27. e4 Rd7 28.
Bxh6 Bg7 29. Bd2 f5 30. f3 Qg3 31. Be1 Qf4 32. g3 Qe5 33. f4 Qc7 34. e5 e6 35.
c4 Rfd8 36. g4 fxg4 37. Qxg4 Kf7 38. Bh4 Rh8 39. c5 Rd4 40. Bf2 Rd3 41. h4 Qd7
42. Kf1 Qd5 43. Ke2 Qe4+ 44. Kf1 Qh1+ 45. Bg1 Rf3+ 46. Ke2 Rb3 47. Kf1 Qf3+ 48.
Qxf3 Rxf3+ 49. Ke2 Rxf4 50. Be3 Rxb4 51. Bd2 Re4+ 52. Kd1 Rhxh4 53. Be1 Rxe1+
54. Kxe1 Rh1+ 55. Ke2 Rxa1 56. Kd2 Ra4 57. Kc3 g5 58. Kb3 g4 59. Kc2 g3 60. Kd1
g2 61. Ke1 g1=Q+ 62. Ke2 Ra3 63. Kd2 Qh2+ 64. Kd1 Ra1# 0-1

[Event "Challenge"]
[Site "http://www.queenalice.com/game.php?id=1766535"]
[Date "2021.8.9"]
[Round "-"]
[White "magalhaes_br"]
[Black "Francisco333"]
[Result "1-0"]
[WhiteElo "1530"]
[BlackElo "1011"]

1. e4 e5 2. Nf3 d6 3. Bc4 Nf6 4. d3 Nc6 5. c3 Be7 6. Nbd2 O-O 7. O-O h6 8. Nb3
Bg4 9. Nbd2 a5 10. a4 Be6 11. Re1 Ng4 12. b3 Bg5 13. Bxe6 fxe6 14. Nxg5 Qxg5 15.
Nf3 Qf6 16. h3 h5 17. hxg4 hxg4 18. Nh2 Ne7 19. Be3 c6 20. Nxg4 Qf5 21. exf5
exf5 22. Nh2 d5 23. d4 b6 24. dxe5 c5 25. b4 cxb4 26. cxb4 axb4 27. Qb3 f4 28.
Bxb6 Ra6 29. Qxb4 Raa8 30. Qxe7 Rf7 31. Qe6 d4 32. Re4 d3 33. Nf3 d2 34. Rxf4
Rxa4 35. Raxa4 d1=Q+ 36. Kh2 Qxa4 37. Rxa4 Kh7 38. Qxf7 Kh6 39. Rh4# 1-0

[Event "Challenge"]
[Site "http://www.queenalice.com/game.php?id=1773849"]
[Date "2021.11.2"]
[Round "-"]
[White "Francisco333"]
[Black "Carlos19"]
[Result "0-1"]
[WhiteElo "1103"]
[BlackElo "1470"]

1. d4 d5 2. Nc3 Nf6 3. Nf3 Bf5 4. e3 Nc6 5. Bd3 Bxd3 6. cxd3 e6 7. O-O a6 8. h3
h6 9. Qe2 b5 10. Ne5 Nxe5 11. dxe5 Nd7 12. e4 d4 13. b3 dxc3 14. a3 Nxe5 15. Qc2
Qd4 16. Be3 Qxd3 17. Qc1 c2 18. Bf4 Qxe4 19. Bxe5 Qxe5 20. Qxc2 Bd6 21. Rfd1 O-O
22. a4 b4 23. a5 c5 24. Re1 Qh2+ 25. Kf1 Qh1+ 26. Ke2 Qxg2 27. Rg1 Qxh3 28. Rh1
Qf5 29. Qc1 Qe4+ 30. Kf1 Qxh1+ 31. Ke2 Qxc1 32. Rxc1 f5 33. Rd1 Rad8 34. Kf1 h5
35. Kg2 h4 36. Kh3 g5 37. f4 Bxf4 38. Rg1 Rd3+ 0-1

[Event "Challenge"]
[Site "http://www.queenalice.com/game.php?id=1774631"]
[Date "2021.11.12"]
[Round "-"]
[White "Francisco333"]
[Black "Carlos19"]
[Result "0-1"]
[WhiteElo "1101"]
[BlackElo "1443"]

1. d4 d5 2. e3 Bf5 3. Nc3 Nf6 4. Nf3 h6 5. Bd3 Bxd3 6. cxd3 e6 7. O-O Bb4 8. a3
Bxc3 9. bxc3 O-O 10. h3 Nc6 11. Qe2 Na5 12. e4 Nb3 13. Ra2 Nxc1 14. Rxc1 dxe4
15. dxe4 c6 16. Ne5 a5 17. Raa1 Qd6 18. Rd1 b5 19. Rdb1 Rfb8 20. Qf3 c5 21. Rd1
cxd4 22. cxd4 b4 23. a4 b3 24. Rab1 Qa3 25. Qe2 Qxa4 26. Ra1 Qb5 27. Qb2 Nxe4
28. Rf1 Rc8 29. f3 Rc2 30. Qb1 Nd2 31. Qd1 Nxf1 32. Nd3 Ne3 33. Qe1 Qxd3 34. Qg3
Rxg2+ 35. Kh1 b2 36. Qe1 bxa1=Q 37. Qxa1 Rg3 38. Qe1 Rxh3+ 39. Kg1 Qc2 40. Qxe3
Qg6+ 41. Kf1 Qb1+ 42. Kg2 Qh1+ 43. Kf2 Qh2+ 44. Kf1 Qa2 45. Qe2 Qa1+ 46. Qe1
Rh1+ 47. Ke2 Qxe1+ 48. Kd3 Qd1+ 49. Ke4 Rh4+ 50. f4 Qc2+ 51. Ke5 Rh5+ 52. Kd6
Rd5+ 53. Ke7 Qc7# 0-1

[Event "Challenge"]
[Site "http://www.queenalice.com/game.php?id=1775138"]
[Date "2021.11.18"]
[Round "-"]
[White "ilbarbierefallito"]
[Black "Francisco333"]
[Result "1-0"]
[WhiteElo "1559"]
[BlackElo "1097"]

1. d4 d5 2. Nf3 Nc6 3. e3 Be6 4. Be2 Qd7 5. O-O O-O-O 6. Ng5 h6 7. Nxe6 fxe6 8.
Bd2 a6 9. b4 Qd6 10. a3 g5 11. b5 axb5 12. Bxb5 h5 13. f4 Bg7 14. fxg5 e5 15. c3
Qg6 16. Bxc6 Qxc6 17. Qc2 e4 18. h4 e5 19. Qb3 Ne7 20. Rf7 Qe6 21. Rf1 Qg4 22.
Be1 Nf5 23. Bf2 Ng3 24. Bxg3 Qxg3 25. Qd1 Qxh4 26. Rf5 Bh6 27. gxh6 Rxh6 28.
Rxe5 Qg3 29. Qe2 Qg8 30. Rxh5 Rdd6 31. Rxh6 Qg7 32. Rxd6 cxd6 33. Nd2 Qg8 34.
Qb5 Qf8 35. Rb1 Qf7 36. Nb3 Qf8 37. Na5 Qe7 38. Qxb7+ Kd8 39. Nc6+ Ke8 40. Qxe7#
1-0

[Event "Challenge"]
[Site "http://www.queenalice.com/game.php?id=1775139"]
[Date "2021.11.18"]
[Round "-"]
[White "Francisco333"]
[Black "ilbarbierefallito"]
[Result "0-1"]
[WhiteElo "1099"]
[BlackElo "1557"]

1. d4 d5 2. e3 Nf6 3. Nc3 e6 4. Nf3 Be7 5. Bb5+ c6 6. Ba4 b5 7. Bb3 a5 8. O-O a4
9. Bxa4 bxa4 10. b3 Ba6 11. Re1 Bb4 12. Qd2 Qa5 13. Bb2 a3 14. Qc1 axb2 15. Qxb2
Bxc3 16. Qc1 Bxe1 17. Nxe1 Qb5 18. Nd3 Nbd7 19. c4 dxc4 20. Nf4 cxb3 21. axb3
O-O 22. Qd1 Rfb8 23. Rb1 Bc8 24. h3 Ra3 25. Nd3 Rxb3 26. Ra1 Qxd3 27. Qe1 Rb1
28. Rxb1 Rxb1 29. Kh2 Rxe1 30. h4 Qe2 31. f3 Qf2 32. f4 Qxh4# 0-1

[Event "Let's Play Chess!"]
[Site "http://www.queenalice.com/game.php?id=1846413"]
[Date "2024.11.1"]
[Round "-"]
[White "Francisco333"]
[Black "harvir"]
[Result "0-1"]
[WhiteElo "1095"]
[BlackElo "1420"]

1. d3 f5 2. c3 Nc6 3. Be3 e5 4. h4 f4 5. Bc1 Be7 6. Nf3 Nf6 7. b3 d5 8. Nbd2 Bf5
9. Bb2 Qd6 10. a3 e4 11. d4 exf3 12. gxf3 O-O-O 13. a4 Rhe8 14. b4 h6 15. b5 Na5
16. Ba3 Qe6 17. Bg2 Nc4 18. Nb3 Nxa3 19. Bh3 Bxh3 20. Rxa3 Bxa3 21. Nc5 Bxc5 22.
dxc5 Bf5 23. a5 d4 24. c4 d3 25. Kf1 dxe2+ 26. Qxe2 Qxe2+ 27. Kg2 Rd1 28. Rh2
Qf1# 0-1